<?xml version="1.0" encoding="UTF-8"?>
<record
    xmlns:xsi="http://www.w3.org/2001/XMLSchema-instance"
    xsi:schemaLocation="http://www.loc.gov/MARC21/slim http://www.loc.gov/standards/marcxml/schema/MARC21slim.xsd"
    xmlns="http://www.loc.gov/MARC21/slim">

  <leader>00589nam a2200157Ia 4500</leader>
  <controlfield tag="008">100122s9999    xx            000 0 und d</controlfield>
  <datafield tag="082" ind1=" " ind2=" ">
    <subfield code="b">37893</subfield>
    <subfield code="a">610</subfield>
  </datafield>
  <datafield tag="100" ind1=" " ind2=" ">
    <subfield code="a">&#x935;&#x94B;&#x930;&#x93E; &#x926;&#x947;&#x935;&#x947;&#x902;&#x926;&#x94D;&#x930;</subfield>
  </datafield>
  <datafield tag="245" ind1=" " ind2=" ">
    <subfield code="a">&#x906;&#x92A;&#x932;&#x947; &#x906;&#x930;&#x94B;&#x917;&#x94D;&#x92F; &#x906;&#x92A;&#x932;&#x94D;&#x92F;&#x93E; &#x939;&#x93E;&#x924;&#x93E;&#x924;</subfield>
  </datafield>
  <datafield tag="260" ind1=" " ind2=" ">
    <subfield code="b">&#x917;&#x93E;&#x932;&#x93E; &#x92A;&#x92C;&#x94D;&#x932;&#x93F;&#x936;&#x930;&#x94D;&#x938;</subfield>
    <subfield code="c">1905</subfield>
  </datafield>
  <datafield tag="300" ind1=" " ind2=" ">
    <subfield code="a">127</subfield>
  </datafield>
  <datafield tag="630" ind1=" " ind2=" ">
    <subfield code="a">&#x906;&#x92A;&#x932;&#x947; &#x906;&#x930;&#x94B;&#x917;&#x94D;&#x92F; &#x906;&#x92A;&#x932;&#x94D;&#x92F;&#x93E; &#x939;&#x93E;&#x924;&#x93E;&#x924;</subfield>
  </datafield>
  <datafield tag="700" ind1=" " ind2=" ">
    <subfield code="a">&#x932;&#x947;&#x916;&#x915; &#x936;&#x94B;&#x927;&#x923;&#x947;</subfield>
  </datafield>
  <datafield tag="730" ind1=" " ind2=" ">
    <subfield code="a">&#x906;&#x92A;&#x932;&#x947; &#x906;&#x930;&#x94B;&#x917;&#x94D;&#x92F; &#x906;&#x92A;&#x932;&#x94D;&#x92F;&#x93E; &#x939;&#x93E;&#x924;&#x93E;&#x924;</subfield>
  </datafield>
  <datafield tag="942" ind1=" " ind2=" ">
    <subfield code="c">BOOK</subfield>
  </datafield>
  <datafield tag="999" ind1=" " ind2=" ">
    <subfield code="c">420238</subfield>
    <subfield code="d">420235</subfield>
  </datafield>
  <datafield tag="952" ind1=" " ind2=" ">
    <subfield code="0">0</subfield>
    <subfield code="1">0</subfield>
    <subfield code="4">0</subfield>
    <subfield code="7">0</subfield>
    <subfield code="a">SVPPARLE</subfield>
    <subfield code="b">SVPPARLE</subfield>
    <subfield code="d">1985-09-11</subfield>
    <subfield code="g">10.00</subfield>
    <subfield code="l">0</subfield>
    <subfield code="o">37893</subfield>
    <subfield code="p">SVPPARLE-37893</subfield>
    <subfield code="r">2010-01-25 00:00:00</subfield>
    <subfield code="v">10.00</subfield>
    <subfield code="w">2010-01-25</subfield>
    <subfield code="y">BOOK</subfield>
    <subfield code="z">NA</subfield>
  </datafield>
</record>
